Pruebas letra por letra #2 El Padre Nuestro - Estadísticas

Estadísticas generales
  • Esta prueba ha sido intentada 91 veces
  • La puntuación promedio es 245 de 252
Estadísticas de respuestas
Respuesta % Correcto
a
100%
á
100%
a;
100%
A
100%
d
100%
D
100%
e
100%
e;
100%
é
100%
N
100%
n
100%
n;
100%
n,
100%
c
98%
i
98%
í
98%
l
98%
l.
98%
o,
98%
o
98%
o;
98%
o.
98%
ó
98%
P
98%
p
98%
r
98%
s
98%
s,
98%
u
98%
q
95%
f
93%
t
93%
T
93%
b
90%
h
90%
m
90%
g
85%
v
83%
y
73%
j
60%
No se encontraron pruebas coincidentes
Distribución de puntuación
Porcentaje de gente con cada puntuación
Porcentaje por número respondido
Historial de tus puntuaciones
No has intentado esta prueba.